000 00372nam a2200169Ia 4500
003 0STCL
008 150530s9999 xx 000 0 und d
040 _aSTCL
_cSTCL
100 _aSaxena, R.K.
245 _aAmeer Teemur Ki
260 _bPanchaseel; Jaipur
_c1975
300 _a0
546 _aEnglish
942 _2ddc
_cBK
999 _c64672
_d64672
005 20220125171251.0